[Event "Titled Tuesday intern op 30th June"]
[Site "Chess.com INT"]
[Date "2020.06.30"]
[Round "2"]
[White "Rohde, Michael A"]
[Black "Li, Hui"]
[Result "1-0"]
[WhiteElo "2348"]
[BlackElo "1985"]
[PlyCount "33"]
[EventDate "2020.06.30"]
[EventType "swiss (blitz)"]
[EventRounds "10"]
[EventCountry "USA"]
[SourceTitle "CBM 197 Extra"]
[Source "ChessBase"]
[SourceDate "2020.09.30"]
[SourceVersion "1"]
[SourceVersionDate "2020.09.30"]
[SourceQuality "1"]

1. Nf3 Nf6 2. c4 e6 3. Nc3 d5 4. d4 c5 5. cxd5 cxd4 6. Qa4+ Bd7 7. Qxd4 exd5 8. Bg5 Nc6 9. Qd2 Be7 10. e3 Bg4 11. Be2 0-0 12. Bxf6 Bxf6 13. Nxd5 Bxb2 14. Qxb2 Qxd5 15. 0-0 Ne5 16. Rfd1 Bxf3 17. Rxd5 1-0

[Event "Titled Tuesday intern op 23rd June"]
[Site "Chess.com INT"]
[Date "2020.06.23"]
[Round "3"]
[White "Rohde, Michael A"]
[Black "Maghsoodloo, Parham"]
[Result "0-1"]
[WhiteElo "2348"]
[BlackElo "2676"]
[PlyCount "68"]
[EventDate "2020.06.23"]
[EventType "swiss (blitz)"]
[EventRounds "10"]
[EventCountry "USA"]
[SourceTitle "CBM 197 Extra"]
[Source "ChessBase"]
[SourceDate "2020.09.30"]
[SourceVersion "1"]
[SourceVersionDate "2020.09.30"]
[SourceQuality "1"]

1. e4 c5 2. Nf3 Nc6 3. Bb5 e6 4. Bxc6 bxc6 5. 0-0 Ne7 6. Re1 f6 7. c3 Ng6 8. d4 Be7 9. Nbd2 0-0 10. Nb3 cxd4 11. cxd4 a5 12. Be3 a4 13. Nc5 Qa5 14. Rc1 d6 15. Nd3 Bd7 16. Bd2 Qb5 17. Bb4 e5 18. Ba3 Rfd8 19. h3 Bf8 20. Qd2 Be6 21. Nb4 Rac8 22. d5 cxd5 23. exd5 Bd7 24. Rc2 Rxc2 25. Qxc2 Rc8 26. Qd2 Nf4 27. h4 Bg4 28. Nd4 Qc4 29. Ndc6 Bh5 30. g3 Ne2+ 31. Kh2 g5 32. hxg5 Bf3 33. Qe3 Qg4 34. Rxe2 Qh5+ 0-1

[Event "Titled Tuesday intern op 9th June"]
[Site "Chess.com INT"]
[Date "2020.06.09"]
[Round "2"]
[White "Castillo Pena, Patricia Evarista"]
[Black "Rohde, Michael A"]
[Result "0-1"]
[WhiteElo "1770"]
[BlackElo "2348"]
[PlyCount "78"]
[EventDate "2020.06.09"]
[EventType "swiss (blitz)"]
[EventRounds "10"]
[EventCountry "USA"]
[SourceTitle "CBM 196 Extra"]
[Source "ChessBase"]
[SourceDate "2020.07.31"]
[SourceVersion "1"]
[SourceVersionDate "2020.07.31"]
[SourceQuality "1"]

1. d4 Nf6 2. Nf3 d6 3. Nc3 Bf5 4. Bg5 Ne4 5. Nxe4 Bxe4 6. e3 c6 7. c3 Nd7 8. Bd3 Bxd3 9. Qxd3 h6 10. Bh4 g6 11. 0-0 Bg7 12. Rad1 0-0 13. Rfe1 Re8 14. e4 Qc7 15. Bg3 Rad8 16. Qc4 b5 17. Qb3 a6 18. a4 Qb7 19. axb5 cxb5 20. Ra1 Nb6 21. Qc2 e6 22. e5 d5 23. Nd2 Ra8 24. b4 Rec8 25. Qb3 Nc4 26. Ra2 a5 27. bxa5 Nxa5 28. Qb2 Nc6 29. Rea1 Rxa2 30. Rxa2 b4 31. cxb4 Qxb4 32. Qxb4 Nxb4 33. Ra1 Rc2 34. Nb3 Rb2 35. Nc5 Nc6 36. Re1 Nxd4 37. h4 Nf5 38. Bf4 Nxh4 39. Nd7 g5 0-1

[Event "New York Marshall Fall IM"]
[Site "New York"]
[Date "2019.11.17"]
[Round "7"]
[White "Pozo Vera, Sandro"]
[Black "Rohde, Michael A"]
[Result "1/2-1/2"]
[WhiteElo "2414"]
[BlackElo "2349"]
[PlyCount "75"]
[EventDate "2019.11.14"]
[EventType "tourn"]
[EventRounds "9"]
[EventCountry "USA"]
[EventCategory "3"]
[SourceTitle "CBM 193 Extra"]
[Source "ChessBase"]
[SourceDate "2020.01.31"]
[SourceVersion "1"]
[SourceVersionDate "2020.01.31"]
[SourceQuality "1"]

1. d4 Nf6 2. c4 e6 3. g3 Bb4+ 4. Bd2 Qe7 5. Nf3 Nc6 6. Nc3 d5 7. cxd5 exd5 8. Bg2 0-0 9. 0-0 Rd8 10. a3 Bxc3 11. Bxc3 Ne4 12. Rc1 Bg4 13. h3 Bh5 14. b4 Nd6 15. Re1 a5 16. Qb3 axb4 17. Bxb4 Nxb4 18. Qxb4 c6 19. Nd2 Re8 20. e4 dxe4 21. Nxe4 Nxe4 22. Rxe4 Qxb4 23. Rxe8+ Rxe8 24. axb4 Rd8 25. d5 cxd5 26. Bxd5 b6 27. g4 Bg6 28. Rc6 Kf8 29. Bf3 Rb8 30. Rc7 f6 31. h4 Bf7 32. g5 fxg5 33. hxg5 Re8 34. Rb7 Re5 35. Rb8+ Ke7 36. Rb7+ Kf8 37. Rb8+ Ke7 38. Rb7+ 1/2-1/2

[Event "New York Marshall Fall IM"]
[Site "New York"]
[Date "2019.11.17"]
[Round "8"]
[White "Rohde, Michael A"]
[Black "Lund, Silas Esben"]
[Result "1/2-1/2"]
[WhiteElo "2349"]
[BlackElo "2340"]
[PlyCount "36"]
[EventDate "2019.11.14"]
[EventType "tourn"]
[EventRounds "9"]
[EventCountry "USA"]
[EventCategory "3"]
[SourceTitle "CBM 193 Extra"]
[Source "ChessBase"]
[SourceDate "2020.01.31"]
[SourceVersion "1"]
[SourceVersionDate "2020.01.31"]
[SourceQuality "1"]

1. Nf3 d5 2. g3 c6 3. Bg2 Bg4 4. h3 Bh5 5. d3 Nd7 6. 0-0 Ngf6 7. Nbd2 e5 8. e4 Bd6 9. Qe1 0-0 10. Nh4 Re8 11. Nf5 Bc7 12. Nf3 Nc5 13. N3h4 Ne6 14. Bd2 Qd7 15. Qc1 Bg6 16. Re1 Rad8 17. Bc3 dxe4 18. dxe4 Nd4 1/2-1/2

[Event "New York Marshall Fall IM"]
[Site "New York"]
[Date "2019.11.15"]
[Round "3"]
[White "Rohde, Michael A"]
[Black "Tsay, Vincent"]
[Result "0-1"]
[WhiteElo "2349"]
[BlackElo "2307"]
[PlyCount "106"]
[EventDate "2019.11.14"]
[EventType "tourn"]
[EventRounds "9"]
[EventCountry "USA"]
[EventCategory "3"]
[SourceTitle "CBM 193 Extra"]
[Source "ChessBase"]
[SourceDate "2020.01.31"]
[SourceVersion "1"]
[SourceVersionDate "2020.01.31"]
[SourceQuality "1"]

1. e4 e6 2. d4 d5 3. Nd2 c5 4. Ngf3 cxd4 5. Nxd4 Nc6 6. Nxc6 bxc6 7. Bd3 Bd6 8. 0-0 Ne7 9. Qh5 Ng6 10. Nf3 a5 11. e5 Be7 12. Be3 Ba6 13. Rac1 0-0 14. Rfe1 c5 15. h4 Bxd3 16. cxd3 Nxh4 17. Nxh4 Bxh4 18. Bxc5 Be7 19. d4 Rc8 20. Re3 g6 21. Rg3 Kg7 22. Qg4 Rc6 23. a3 a4 24. Rcc3 Bxc5 25. dxc5 d4 26. Rc4 Qd5 27. Qxd4 Qxd4 28. Rxd4 Rxc5 29. Rxa4 Rc1+ 30. Kh2 Rc2 31. Rb4 Rxf2 32. a4 h5 33. a5 Ra8 34. Rb5 Kh6 35. b4 Rd8 36. Rc5 Ra2 37. Rc7 h4 38. Rg4 Kh5 39. Rcc4 g5 40. Rgd4 Rxd4 41. Rxd4 g4 42. Kg1 Ra1+ 43. Kf2 g3+ 44. Ke3 Rg1 45. Kf3 Rf1+ 46. Ke3 Rf2 47. a6 Rxg2 48. b5 Ra2 49. Rd2 Ra3+ 50. Rd3 g2 51. Rxa3 g1Q+ 52. Kd2 Qd4+ 53. Ke2 Qb2+ 0-1

[Event "New York Marshall Fall IM"]
[Site "New York"]
[Date "2019.11.14"]
[Round "2"]
[White "Perez, Robert M"]
[Black "Rohde, Michael A"]
[Result "0-1"]
[WhiteElo "2373"]
[BlackElo "2349"]
[PlyCount "138"]
[EventDate "2019.11.14"]
[EventType "tourn"]
[EventRounds "9"]
[EventCountry "USA"]
[EventCategory "3"]
[SourceTitle "CBM 193 Extra"]
[Source "ChessBase"]
[SourceDate "2020.01.31"]
[SourceVersion "1"]
[SourceVersionDate "2020.01.31"]
[SourceQuality "1"]

1. d4 Nf6 2. c4 e6 3. Nf3 b6 4. g3 Bb7 5. Bg2 Bb4+ 6. Bd2 Be7 7. Nc3 0-0 8. 0-0 Na6 9. Ne5 Qb8 10. Bxb7 Qxb7 11. Bg5 c5 12. Ng4 Nxg4 13. Bxe7 Rfe8 14. Bd6 Qc6 15. Nb5 Nh6 16. dxc5 bxc5 17. Re1 f6 18. e4 Nf7 19. a3 Nxd6 20. Qxd6 Qxd6 21. Nxd6 Reb8 22. Nb5 Rb7 23. Re2 Kf8 24. Rd2 Ke7 25. Kg2 Nc7 26. Nxc7 Rxc7 27. Kf3 Rb8 28. Rc1 Rb3+ 29. Ke2 Rcb7 30. Rcc2 g5 31. Kd1 g4 32. Kc1 Rf3 33. Rd1 f5 34. exf5 Rxf5 35. Rd3 Re5 36. Kd1 a5 37. f3 h5 38. Rf2 a4 39. Kc2 Rb8 40. Rfd2 Rb7 41. Rf2 Re1 42. Rdd2 Re3 43. fxg4 Re4 44. gxh5 Rxc4+ 45. Kb1 Rg4 46. Rf3 Rg5 47. Rf4 Rxh5 48. Rxa4 d5 49. Kc2 Re5 50. Rf4 Re3 51. Rff2 d4 52. g4 e5 53. g5 c4 54. g6 Ke6 55. Rg2 Rg7 56. Rd1 Kd5 57. a4 Rb3 58. Ra1 d3+ 59. Kc1 e4 60. Rg5+ Kd4 61. a5 e3 62. Rg4+ Kd5 63. a6 e2 64. Ra5+ Kc6 65. Rg1 Rd7 66. Kd2 Rxb2+ 67. Ke3 d2 68. a7 e1Q+ 69. Kf4 Qf2+ 0-1